| 000 | 01195cam a2200349 a 4500 | ||
|---|---|---|---|
| 001 | 3689 | ||
| 003 | FISKH | ||
| 005 | 20240411094646.0 | ||
| 008 | 910207s1992 nyua j 000 0 eng | ||
| 010 | _a 91009468 | ||
| 020 | _a0439211638 | ||
| 040 |
_aDLC _cDLC _dDLC _beng |
||
| 050 | 0 | 0 |
_aQK827 _b.M33 1992 |
| 082 | 0 | 0 |
_a582/.0166 _220 |
| 100 | 1 | _aMaestro, Betsy. | |
| 245 | 1 | 0 |
_aHow do apples grow? / _cby Betsy Maestro ; illustrated by Giulio Maestro. |
| 250 | _aFirst Scholastic printing, September 2000 | ||
| 260 |
_aNew York : _bScholastic, _c1992. |
||
| 300 |
_a32 pages : _bcolor illustrations ; _c18 x 23 cm. |
||
| 440 | 0 | _aLet's-read-and-find-out science book | |
| 520 | _aDescribes the life cycle of an apple from its initial appearance as a spring bud to that point in time when it becomes a fully ripe fruit. | ||
| 521 | 8 |
_a550
_bLexile |
|
| 521 | 8 |
_aM'
_bRaz-Plus |
|
| 650 | 0 |
_aApples _xDevelopment _xJuvenile literature. |
|
| 650 | 1 | _aApples. | |
| 650 | 1 | _aRose family (Plants) | |
| 650 | 1 |
_aPlants _xDevelopment. |
|
| 700 | 1 |
_aMaestro, Giulio, _eillustrator |
|
| 906 |
_a7 _bcbc _corignew _d1 _eocip _f19 _gy-gencatlg |
||
| 942 |
_2ddc _cBK _n0 |
||
| 999 |
_c3689 _d3689 |
||